|
|
|
|
| LEADER |
01781nam a2200409 i 4500 |
| 001 |
EBC3425842 |
| 003 |
MiAaPQ |
| 005 |
20200520144314.0 |
| 006 |
m o d | |
| 007 |
cr cnu|||||||| |
| 008 |
150803t20152015enka ob 000 0 eng d |
| 020 |
|
|
|z 9781780407210
|
| 020 |
|
|
|a 9781780407227
|q (electronic bk.)
|
| 035 |
|
|
|a (MiAaPQ)EBC3425842
|
| 035 |
|
|
|a (Au-PeEL)EBL3425842
|
| 035 |
|
|
|a (CaPaEBR)ebr11080150
|
| 035 |
|
|
|a (OCoLC)921176123
|
| 040 |
|
|
|a MiAaPQ
|b eng
|e rda
|e pn
|c MiAaPQ
|d MiAaPQ
|
| 050 |
|
4 |
|a TD927
|b .C37 2015
|
| 082 |
0 |
|
|a 628.7
|2 23
|
| 100 |
1 |
|
|a Carlevaro, Fabrizio,
|e author.
|
| 245 |
1 |
0 |
|a Costing improved water supply systems for low-income communities :
|b a practical manual /
|c Fabrizio Carlevaro and Cristian Gonzalez.
|
| 264 |
|
1 |
|a London, England :
|b IWA Publishing,
|c 2015.
|
| 264 |
|
4 |
|c 2015
|
| 300 |
|
|
|a 1 online resource (256 pages) :
|b illustrations
|
| 336 |
|
|
|a text
|2 rdacontent
|
| 337 |
|
|
|a computer
|2 rdamedia
|
| 338 |
|
|
|a online resource
|2 rdacarrier
|
| 504 |
|
|
|a Includes bibliographical references.
|
| 588 |
|
|
|a Description based on online resource; title from PDF title page (ebrary, viewed July 30, 2015).
|
| 590 |
|
|
|a Electronic reproduction. Ann Arbor, MI : ProQuest, 2015. Available via World Wide Web. Access may be limited to ProQuest affiliated libraries.
|
| 650 |
|
0 |
|a Water-supply, Rural.
|
| 655 |
|
4 |
|a Electronic books.
|
| 700 |
1 |
|
|a Gonzalez, Cristian,
|e author.
|
| 776 |
0 |
8 |
|i Print version:
|a Carlevaro, Fabrizio.
|t Costing improved water supply systems for low-income communities : a practical manual.
|d London, England : IWA Publishing, c2015
|h xvi, 237 pages
|z 9781780407210
|
| 797 |
2 |
|
|a ProQuest (Firm)
|
| 856 |
4 |
0 |
|u https://ebookcentral.proquest.com/lib/matrademy/detail.action?docID=3425842
|z Click to View
|